000
00304nam a22001337a 4500
008
230620b xxu||||| |||| 00| 0 eng d
020
_a
996676710X
082
_a
316.6762
_b
KNB
100
_c
KNB
245
_a
Statistical Abstract 2007
260
_a
Kenya
_b
KNBS
_c
2007
300
_a
313p
942
_2
ddc
_c
BK
999
_c
1461
_d
1461